02078cam a22003258i 450000100090000000300040000900500170001300600190003000700150004900800410006402000260010502000290013104000230016005000100018306000110019308200210020424501440022525000190036926400320038830000230042050400510044365000190049465000310051365000230054470000340056770000340060170000490063552009390068477601290162320611653OSt20190821084538.0m |o d | cr_|||||||||||180802s2019 nyu ob 001 0 eng  a9781626235069 (Ebook) z9781626235052 (hardback) aDLCbengerdacDLC10aRF35010aWW 20200a617.523223bENS00aEndoscopic surgery of the orbit :banatomy, pathology, and management /c[edited by] Benjamin S. Bleier, Suzanne K. Freitag, Raymond Sacks. aFirst edition. 1aNew York :bThieme,c[2019] a1 online resource. aIncludes bibliographical references and index.12aOrbitxsurgery12aParanasal Sinusesxsurgery22aEndoscopyxmethods1 aBleier, Benjamin S.,eeditor.1 aFreitag, Suzanne K.,eeditor.1 aSacks, Raymondc(Otolaryngologist),eeditor. a"The field of endoscopic orbital surgery is one of the most rapidly advancing areas in modern day rhinology and oculoplastic practice and despite extensive research efforts, there is currently no text dedicated to the subject. Over the past decade and particularly over the past 2-3 years, there has been tremendous advancement in both the knowledge and surgical techniques involved in orbital surgery. This text provides a fully comprehensive review of all the Anatomy, Pathology and Physiology pertaining to the Orbit, Paranasal sinuses and surrounding structures in the region. The book then progresses to detail the management of the spectrum of pathologies encountered in the region and to debate all the pros and cons of differing treatment approaches with current evidence based medicine. It contains both radiologic and anesthetic considerations and details post-operative management of these patients"--Provided by publisher.08iPrint version:tEndoscopic surgery of the orbitbFirst edition.dNew York : Thieme, [2019]z9781626235052w(DLC) 2018034903